logo

Bir Sreshtho Munshi Abdur Rouf Library
Jhenaidah Cadet College

A Christmas carol and The cricket on the hearth / (Record no. 7175)

MARC details
000 -LEADER
fixed length control field 00984nam a2200301 a 4500
001 - CONTROL NUMBER
JCCL Control Number 7175
003 - CONTROL NUMBER IDENTIFIER
JCCL marc code BD-JhCC
005 - DATE AND TIME OF LATEST TRANSACTION
control field 20180422082441.0
008 - FIXED-LENGTH DATA ELEMENTS--GENERAL INFORMATION
fixed length control field 180205q18201929enka 000 1 eng d
029 ## - (OCLC)
OCLC library identifier 1820-1929
035 ## - SYSTEM CONTROL NUMBER
system control number (BD-JhCC)7175
040 ## - CATALOGING SOURCE
Original cataloging agency BD-JhCC
Transcribing agency OPP
Modifying agency BD-JhCC
041 ## - LANGUAGE CODE
Language code of Book eng
082 ## - DEWEY DECIMAL CLASSIFICATION NUMBER
Classification number 823.8
Author mark and Year DIC 1962
090 ## - LOCALLY ASSIGNED LC-TYPE CALL NUMBER (OCLC); LOCAL CALL NUMBER (OCLC)
Classification number (OCLC) (R) ; Classification number, CALL (RLIN) (NR) PR4572
Local cutter number (OCLC) ; Book number/undivided call number, CALL (RLIN) .C47 1920
100 1# - MAIN ENTRY--PERSONAL NAME
Personal name Dickens, Charles,
Dates associated with a name 1812-1870.
245 12 - TITLE STATEMENT
Title A Christmas carol and The cricket on the hearth /
Statement of responsibility, etc by Charles Dickens.
260 ## - PUBLICATION, DISTRIBUTION, ETC. (IMPRINT)
Place of publication, distribution, etc London :
Name of publisher, distributor, etc Readers Library Pub. Co.,
Date of publication, distribution, etc [192-?]
Place of manufacture (Watford :
Manufacturer Greycaine Book Manufacturing Co.)
300 ## - PHYSICAL DESCRIPTION
Pagination 103 p. :
Other physical details ill. ;
Dimensions 20 cm.
490 1# - SERIES STATEMENT
Series statement Juvenile readers library ;
Volume number/sequential designation 17
500 ## - GENERAL NOTE
General note Includes publisher's advertisment: [1] p. at end.
650 #0 - SUBJECT ADDED ENTRY--TOPICAL TERM
Topical term or geographic name as entry element Christmas stories.
730 02 - ADDED ENTRY--UNIFORM TITLE
Uniform title Cricket on the hearth.
830 #0 - SERIES ADDED ENTRY--UNIFORM TITLE
Uniform title Juvenile readers library ;
Volume number/sequential designation 17
830 #0 - SERIES ADDED ENTRY--UNIFORM TITLE
Uniform title Opie collection of children's literature ;
Volume number/sequential designation 002:122.
942 ## - ADDED ENTRY ELEMENTS (KOHA)
Source of classification or shelving scheme Dewey Decimal Classification
Koha item type Books
Holdings
Source of classification or shelving scheme Damaged status Not for loan Home library Current library Shelving location Date of accession Total Checkouts Full call number Barcode Date last seen Copy number Koha item type
Dewey Decimal Classification     JCC Rouf Library JCC Rouf Library General Stacks 02/05/2018   823.8 DIC 1962 9043 02/05/2018 C - 1 Books

JCC Library | Contacts | JCC Home

Last Update on 23 September 2017
Copyright @ 2017-2020 JCC Rouf Library
Rouf Library, Jhenidah Cadet College (JCC), Bangladesh